[Event "24th ECC"]
[Site "Kallithea GRE"]
[Date "2008.10.18"]
[Round "2"]
[White "Areshchenko,A"]
[Black "Avrukh,B"]
[Result "1/2-1/2"]
[WhiteElo "2664"]
[BlackElo "2657"]

1.e4 c5 2.Nf3 e6 3.d4 cxd4 4.Nxd4 a6 5.Nc3 Qc7 6.Be2 b5 7.O-O Bb7 8.Re1 Nc6
9.Nxc6 dxc6 10.e5 Rd8 11.Bd3 c5 12.Qh5 c4 13.Be4 Bb4 14.Qg4 Ne7 15.Bg5 h5
16.Qf3 Bxc3 17.Qxc3 Bxe4 18.Rxe4 Rd5 19.a4 O-O 20.axb5 axb5 21.Qf3  1/2-1/2

[Event "LiraH Autumn"]
[Site "Lichtenrade GER"]
[Date "2008.10.18"]
[Round "1"]
[White "Demmler,J"]
[Black "Meister,Jak"]
[Result "0-1"]
[WhiteElo "1853"]
[BlackElo "2481"]

1.e4 c5 2.Nf3 e6 3.d4 cxd4 4.Nxd4 a6 5.Nc3 b5 6.a3 Bb7 7.Bd3 Qc7 8.O-O Nf6
9.Kh1 h5 10.f4 Ng4 11.Nf3 Bc5 12.Qe2 d6 13.b4 Ba7 14.Nd1 Nd7 15.c4 bxc4 16.Bxc4 a5
17.bxa5 Rc8 18.Nb2 Qxa5 19.Bd2 Qb6 20.Nd1 Rxc4  0-1

[Event "TCh-AUT 2nd Bundesliga West 2008-9"]
[Site "Austria AUT"]
[Date "2008.10.19"]
[Round "3"]
[White "Novkovic,J"]
[Black "Scheffknecht,P"]
[Result "0-1"]
[WhiteElo "2161"]
[BlackElo "2193"]

1.e4 c5 2.Nf3 e6 3.d4 cxd4 4.Nxd4 a6 5.Nc3 Qc7 6.Bd3 Nf6 7.Qe2 d6 8.f4 b5
9.a4 b4 10.Na2 Bb7 11.Bd2 e5 12.Nf5 a5 13.O-O Nbd7 14.c3 b3 15.Nc1 h5 16.Bb5 g6
17.Ne3 Bg7 18.fxe5 dxe5 19.Nd5 Nxd5 20.exd5 Bxd5 21.c4 Be6 22.Nxb3 O-O 23.Rac1 Nc5
24.Nxc5 Qxc5+ 25.Be3 Qb4 26.Rc2 Rfd8 27.Rd1 Bg4 28.Rxd8+ Rxd8 29.Bd2 Qb3
30.Qe4 Bf5 31.Qh4 Rd4  0-1

[Event "24th ECC"]
[Site "Kallithea GRE"]
[Date "2008.10.19"]
[Round "3"]
[White "Bjerke,S"]
[Black "Stubberud,O"]
[Result "1-0"]
[WhiteElo "2204"]
[BlackElo "2192"]

1.e4 c5 2.Nf3 e6 3.d4 cxd4 4.Nxd4 a6 5.Nc3 Qc7 6.Be2 Nf6 7.O-O Nc6 8.Be3 b5
9.Nxc6 dxc6 10.f4 e5 11.fxe5 Nd7 12.e6 fxe6 13.Kh1 Bd6 14.Bh5+ g6 15.Bg4 Ne5
16.Be2 Bb7 17.Bg5 h6 18.Bf6 O-O 19.Qd2 Kh7 20.Rad1 Nf7 21.e5 Bxe5 22.Qd7 Qxd7
23.Rxd7 Bxf6 24.Rxf6 Kg7 25.Rf1 Bc8 26.Rc7 e5 27.Ne4 Be6 28.Nc5 Bd5 29.Bf3 Kg8
30.Bxd5 cxd5 31.Ne6 Rfe8 32.Rf6 Rac8 33.Rxg6+ Kh7 34.Rg7+ Kh8 35.Rgxf7 Rxc7
36.Nxc7 Rc8 37.Kg1  1-0

[Event "24th ECC"]
[Site "Kallithea GRE"]
[Date "2008.10.20"]
[Round "4"]
[White "Fercec,N"]
[Black "Predojevic,B"]
[Result "0-1"]
[WhiteElo "2481"]
[BlackElo "2615"]

1.e4 c5 2.Nf3 e6 3.d4 cxd4 4.Nxd4 a6 5.Nc3 b5 6.Bd3 Bb7 7.O-O Nc6 8.Nxc6 Bxc6
9.Re1 Bc5 10.Be3 Bxe3 11.Rxe3 Ne7 12.Qh5 Ng6 13.g3 O-O 14.Rae1 f6 15.f4 Qb6
16.Nd1 e5 17.Qg4 exf4 18.gxf4 Rae8 19.Qf5 Ne7 20.Qh3 f5 21.Nf2 Ng6 22.Qg3 fxe4
23.Bxe4 Bxe4 24.Rxe4 Rxe4 25.Rxe4 d5 26.Qe3 Qc6 27.Rd4 Qxc2 28.Nd3 Qd1+ 29.Kg2 Qg4+
30.Qg3 Qe2+ 31.Qf2 Qh5 32.Kh1 Nh4 33.Nb4 Re8 34.Rd3 Re2 35.Qf1 Qe8  0-1

[Event "WYCC Girls U16"]
[Site "Vung Tau City VIE"]
[Date "2008.10.21"]
[Round "2"]
[White "Forgues,V"]
[Black "Havlikova,K"]
[Result "1-0"]
[WhiteElo "2012"]
[BlackElo "2179"]

1.e4 c5 2.Nf3 e6 3.d4 cxd4 4.Nxd4 a6 5.Nc3 Qc7 6.Be2 b5 7.O-O Bb7 8.Re1 Nc6
9.Nxc6 dxc6 10.e5 Rd8 11.Bd3 c5 12.Qg4 Ne7 13.Bg5 Rd4 14.Qg3 c4 15.Bxe7 Qxe7
16.Be4 Qc7 17.Rad1 Rxd1 18.Rxd1 g6 19.Qf3 Bxe4 20.Nxe4 Bg7 21.Nd6+ Kf8 22.Nxf7  1-0

[Event "TCh-CHN Torch Real Estate Cup"]
[Site "Jiangsu Wuxi CHN"]
[Date "2008.10.22"]
[Round "10"]
[White "Zhang Pengxiang"]
[Black "Jia Haoxiang"]
[Result "1/2-1/2"]
[WhiteElo "2640"]
[BlackElo "2249"]

1.e4 c5 2.Nf3 e6 3.d4 cxd4 4.Nxd4 a6 5.Nc3 b5 6.Bd3 Qb6 7.Nf3 Nc6 8.O-O Qb8
9.e5 Bb7 10.Bf4 Nge7 11.Re1 f5 12.Bg3 g6 13.Qd2 Bg7 14.Bf1 Ra7 15.h4 h6 16.Bf4 g5
17.Be3 g4 18.Nd4 Ra8 19.Nxc6 Bxc6 20.Rad1 Bxe5 21.Bc5 Bf6 22.Ne2 Kf7 23.Nd4 Qc7
24.c4 bxc4 25.Bxe7 Bxe7 26.Nxc6 Qxc6 27.Qxd7 Qxd7 28.Rxd7 Rhd8 29.Rxd8 Rxd8
30.Bxc4 Rd6 31.g3 Bf6 32.b3 Bc3 33.Re3 Bb4 34.Rd3 Rxd3 35.Bxd3 a5 36.Kf1 Kf6
37.Ke2 Bc5  1/2-1/2

[Event "24th ECC"]
[Site "Kallithea GRE"]
[Date "2008.10.22"]
[Round "6"]
[White "Cela,S"]
[Black "Makoli,P"]
[Result "1/2-1/2"]
[WhiteElo "2302"]
[BlackElo "2215"]

1.e4 c5 2.Nf3 a6 3.d4 cxd4 4.Nxd4 e6 5.Nc3 Qc7 6.Be2 b5 7.O-O Bb7 8.Bf3 d6
9.a3 Nf6 10.g4 h6 11.Bg2 g5 12.h3 Nbd7 13.Nde2 Ne5 14.f4 gxf4  1/2-1/2

[Event "1st Bobotsov Mem"]
[Site "Sofia BUL"]
[Date "2008.10.22"]
[Round "9"]
[White "Filev,G"]
[Black "Nikolov,Mo"]
[Result "0-1"]
[WhiteElo "2375"]
[BlackElo "2488"]

1.e4 c5 2.Nf3 e6 3.d4 cxd4 4.Nxd4 a6 5.Nc3 Qc7 6.Be2 Nf6 7.O-O Be7 8.f4 d6
9.a4 Nc6 10.Be3 O-O 11.Kh1 Re8 12.Bf3 Bf8 13.Nb3 b6 14.e5 dxe5 15.fxe5 Nd7
16.Bxc6 Qxc6 17.Nd4 Qc7 18.Qf3 Nb8 19.a5 bxa5 20.Ndb5 axb5 21.Qxa8 b4 22.Na4 Bb7
23.Qa7 Nd7 24.Qd4 Nxe5 25.Qb6 Qc8 26.Bg1 Nc4 27.Qf2 f5 28.Rfe1 Be4 29.Re2 Qc6
30.b3 Na3 31.Rc1 Nb5 32.Qb6 Rc8 33.Qxa5 Nc3 34.Nxc3 Qxc3 35.Qb6 Bd5 36.Rd1 Qf6
37.Rxd5 exd5 38.Qxf6 gxf6 39.g3 Kf7 40.Kg2 Bd6 41.Bd4 Rg8 42.Kf3 Rg4 43.Rd2 Ke6
44.Be3 Re4 45.Bf4 Bxf4 46.gxf4 d4 47.Rd1 Re3+ 48.Kf2 Kd5 49.Ra1 Rc3 50.Ra2 Ke4
51.Ke2 Rxc2+ 52.Rxc2 d3+ 53.Kd2 dxc2 54.Kxc2 Ke3  0-1

[Event "WYCC Boys U14"]
[Site "Vung Tau City VIE"]
[Date "2008.10.22"]
[Round "3"]
[White "Malureanu,C"]
[Black "Nakauchi,G"]
[Result "1-0"]
[WhiteElo "1948"]
[BlackElo "2104"]

1.e4 c5 2.Nf3 e6 3.d4 cxd4 4.Nxd4 a6 5.Nc3 b5 6.Bd3 Qb6 7.Nb3 Qc7 8.f4 Bb7
9.a3 d6 10.Qg4 Nf6 11.Qg3 Nbd7 12.Be3 Rc8 13.O-O g6 14.f5 gxf5 15.Rf2 fxe4
16.Be2 Rg8 17.Qh3 e5 18.Raf1 d5 19.Bh5 Qd6 20.Na5 Qc7 21.Nxb7 Qxb7 22.Rxf6 Nxf6
23.Qe6+ Kd8 24.Bb6+ Rc7 25.Bxc7+ Qxc7 26.Qxf6+ Be7 27.Qxf7 Bc5+ 28.Kh1 Qxf7
29.Bxf7 Rf8 30.g3 e3 31.Kg2 b4 32.axb4 Bxb4 33.Bxd5 Bxc3 34.Rxf8+ Ke7 35.Rf7+ Kd6
36.bxc3  1-0

[Event "24th ECC"]
[Site "Kallithea GRE"]
[Date "2008.10.23"]
[Round "7"]
[White "Malisauskas,V"]
[Black "D'Costa,L"]
[Result "1/2-1/2"]
[WhiteElo "2479"]
[BlackElo "2411"]

1.e4 c5 2.Nf3 e6 3.d4 cxd4 4.Nxd4 a6 5.Nc3 Qc7 6.g3 Nf6 7.Bg2 Bb4 8.Ne2 Be7
9.O-O Nc6 10.Nf4 O-O 11.Nd3 d6 12.g4 b5 13.a3 Rb8 14.g5 Nd7 15.f4 Re8 16.Kh1 Bf8
17.Ne2 a5 18.b3 b4 19.axb4 Nxb4 20.Nxb4 axb4 21.Bb2 Nc5 22.Ng3 Bb7 23.Qd2 Bc6
24.Rad1 Qb7 25.h4 Rbd8 26.Kh2  1/2-1/2

[Event "LiraH Autumn"]
[Site "Lichtenrade GER"]
[Date "2008.10.23"]
[Round "6"]
[White "Glantz,R"]
[Black "Svane,R"]
[Result "1-0"]
[WhiteElo "2197"]
[BlackElo "1967"]

1.e4 c5 2.Nf3 e6 3.Nc3 a6 4.d4 cxd4 5.Nxd4 Qc7 6.Bd3 Nc6 7.Be3 Nf6 8.O-O Bd6
9.f4 Nxd4 10.e5 Bxe5 11.fxe5 Qxe5 12.Qd2 Nc6 13.Rae1 d5 14.Bc5 Qc7 15.Qg5 Ne5
16.Bd4 Neg4 17.g3 h6 18.Qxg7 Rg8 19.Nxd5 Qd6 20.Nxf6+ Nxf6 21.Qxf6 Rxg3+
22.Kh1  1-0

[Event "WYCC Boys U14"]
[Site "Vung Tau City VIE"]
[Date "2008.10.23"]
[Round "5"]
[White "Givon,A"]
[Black "Bukavshin,I"]
[Result "0-1"]
[WhiteElo "2101"]
[BlackElo "2376"]

1.e4 c5 2.Nf3 e6 3.Nc3 a6 4.d4 cxd4 5.Nxd4 Qc7 6.Bd3 Nf6 7.O-O Bc5 8.Nb3 Be7
9.f4 d6 10.a4 b6 11.e5 Nfd7 12.exd6 Bxd6 13.Ne4 Be7 14.f5 Ne5 15.Bf4 Nbc6
16.fxe6 Bxe6 17.Qh5 g6 18.Qh6 f5 19.Nf2 Bxb3 20.cxb3 Bf8 21.Qh4 Be7 22.Qh6 Bf8
23.Qh3 Bc5 24.Bc4 O-O-O 25.Bxa6+ Kb8 26.Bb5 Nd4 27.Rfe1 Nef3+ 28.gxf3 Qxf4
29.Nd3 Qxf3 30.Nxc5 Qxh3 31.Na6+ Ka8  0-1

[Event "WYCC Boys U14"]
[Site "Vung Tau City VIE"]
[Date "2008.10.23"]
[Round "5"]
[White "Bajarani,U"]
[Black "Chen Peng"]
[Result "1/2-1/2"]
[WhiteElo "2232"]
[BlackElo "2046"]

1.e4 c5 2.Nc3 e6 3.Nf3 a6 4.d4 cxd4 5.Nxd4 b5 6.g3 Bb7 7.Bg2 b4 8.Na4 Nf6
9.O-O Bxe4 10.Bxe4 Nxe4 11.Re1 Nc5 12.c4 Nxa4 13.Qxa4 Be7 14.Bf4 O-O 15.Rad1 Qb6
16.Nb3 d6 17.Be3 Qc7 18.Qxb4 Nc6 19.Qc3 Bf6 20.Qc2 Rab8 21.Bf4 Be5 22.Qe4 Rb4
23.Qd3 Bxf4 24.gxf4 Rd8 25.Qc3 Rbb8 26.Re3 Ne7 27.Nd4 d5 28.Rg3 g6 29.f5 e5
30.fxg6 hxg6 31.Nf3 d4 32.Qe1 Nf5 33.Rg2 Re8 34.Qe4 Kf8 35.Ng5 Rxb2 36.h4 Qxc4
37.Nh7+ Kg7 38.Qxf5 Qe6 39.Qxe6 Rxe6 40.Ng5 Rc6 41.f4 Rxg2+ 42.Kxg2 Rc2+
43.Kf3 f6 44.fxe5 fxg5 45.hxg5 Rxa2 46.Ke4 Re2+ 47.Kd5 Kf7 48.Kd6 Re4 49.Rd3 Re1
50.Rf3+ Ke8 51.Rb3 Re3 52.Rb8+ Kf7 53.Rb7+ Kg8 54.Rb8+ Kf7 55.Rb7+ Kg8 56.e6 d3
57.Rb8+ Kg7 58.Rb7+ Kg8 59.Rb8+ Kg7  1/2-1/2

[Event "Vasylyshyn Mem"]
[Site "Lviv UKR"]
[Date "2008.10.25"]
[Round "6"]
[White "Vovk,Y"]
[Black "Geller,J"]
[Result "0-1"]
[WhiteElo "2549"]
[BlackElo "2511"]

1.e4 c5 2.Nc3 e6 3.Nf3 a6 4.d4 cxd4 5.Nxd4 Qc7 6.Be3 Nf6 7.Qd2 Bb4 8.f3 d5
9.Nde2 dxe4 10.a3 Ba5 11.b4 exf3 12.bxa5 fxe2 13.Bxe2 Qxa5 14.O-O Nbd7 15.a4 O-O
16.Rab1 b6 17.Rxf6 Nxf6 18.Bxb6 Qe5 19.Bf3 Rb8 20.Re1 Qf5 21.Qf2 Bb7 22.Ba7 Bxf3
23.Bxb8 Rxb8 24.gxf3 Rc8 25.Ne4 Nxe4 26.Rxe4 Qg5+ 27.Qg3 Qc1+ 28.Kg2 Rxc2+
29.Kh3 Qf1+ 30.Kh4 Qf2 31.Rb4 h6 32.Qxf2 Rxf2 33.Rb6 Rxf3 34.Rxa6 g5+ 35.Kg4 Rf4+
36.Kg3 Kg7 37.a5 Ra4 38.Ra8 Ra3+ 39.Kf2 Kf6 40.a6 Ke5 41.a7 f5 42.Ke2 Kf4
43.Kd2 e5 44.Kc2 e4  0-1

[Event "Open A"]
[Site "Le Touquet FRA"]
[Date "2008.10.26"]
[Round "2"]
[White "Gormally,D"]
[Black "Platel,Al"]
[Result "1-0"]
[WhiteElo "2514"]
[BlackElo "2202"]

1.e4 c5 2.Nc3 e6 3.Nf3 a6 4.d4 cxd4 5.Nxd4 Qc7 6.Bd3 Nc6 7.Be3 Nf6 8.O-O Ne5
9.h3 b5 10.f4 Nc4 11.Bxc4 Qxc4 12.Qd3 Bb7 13.a4 Qxd3 14.cxd3 b4 15.Nce2 Bc5
16.Rfc1 Rc8 17.Rxc5 Rxc5 18.Nxe6 Rc2 19.N2d4 Rxb2 20.Nxg7+ Kf8 21.Bc1 Rxg2+
22.Kxg2 Kxg7 23.Bb2 d5 24.Nf5+ Kg6 25.Ne7+ Kg7 26.Kf2  1-0

[Event "IM"]
[Site "Petah Tiqwa ISR"]
[Date "2008.10.27"]
[Round "5"]
[White "Shutzman,J"]
[Black "Axelrod,A"]
[Result "1/2-1/2"]
[WhiteElo "2333"]
[BlackElo "2283"]

1.e4 c5 2.Nf3 e6 3.d4 cxd4 4.Nxd4 a6 5.Nc3 b5 6.Bd3 Qb6 7.Nf3 Nc6 8.O-O Qc7
9.Re1 d6 10.Bd2 Nf6 11.Ne2 Bd7 12.Ned4 Be7 13.Nxc6 Bxc6 14.Nd4 O-O 15.Qe2 Bb7
16.f3 g6 17.a4 e5 18.Nb3 Bc6 19.axb5 axb5 20.Qe3 Nh5 21.g3 Bd7 22.Bc3 Ng7
23.Ra5 Rxa5 24.Bxa5 Qc6  1/2-1/2

[Event "WYCC Girls U16"]
[Site "Vung Tau City VIE"]
[Date "2008.10.27"]
[Round "8"]
[White "Forgues,V"]
[Black "Guo,E"]
[Result "1-0"]
[WhiteElo "2012"]
[BlackElo "1752"]

1.e4 c5 2.Nf3 e6 3.d4 cxd4 4.Nxd4 a6 5.Nc3 Qc7 6.Be2 Nf6 7.O-O Nc6 8.Be3 Bb4
9.Na4 Bd6 10.g3 b5 11.Nxc6 Qxc6 12.Nb6 Bb7 13.Nxa8 Qxe4 14.Bf3 Qxf3 15.Qxf3 Bxf3
16.Nb6 Bc7 17.a4 Ng4 18.a5 Ke7 19.Bd4 e5 20.Ra3 Bc6 21.Re1 Bd6 22.Raa1 Kd8
23.Bc3 Bc5 24.Re2 Bf3 25.Rd2 b4 26.Bxb4 Bxb4 27.Rxd7+ Ke8 28.h3 Nf6 29.Ra7 Rf8
30.c3 Bd6 31.Rxa6 Bb8 32.Nc4 Nd7 33.Nd6+ Kd8 34.b4 g6 35.Re1 Ke7 36.Re3 Bd5
37.Rd3 Nf6 38.c4 e4 39.Rd4 Be6 40.Nxe4 Be5 41.Ra7+ Nd7 42.Rd1 Ke8 43.c5 Bxh3
44.c6 Nf6 45.Nd6+ Bxd6 46.Rxd6 Ne4 47.Rd4 Nc3 48.Rd3 Na4 49.c7 Bf5 50.Rd8+ Ke7
51.c8=Q+  1-0

[Event "WYCC Girls U18"]
[Site "Vung Tau City VIE"]
[Date "2008.10.27"]
[Round "8"]
[White "Mnatsakanyan,D"]
[Black "Hannes,D"]
[Result "0-1"]
[WhiteElo "1971"]
[BlackElo "2055"]

1.e4 c5 2.Nc3 e6 3.Nf3 a6 4.d4 cxd4 5.Nxd4 Qc7 6.Be3 Nf6 7.f3 Bb4 8.Bd2 Nc6
9.Nb3 O-O 10.Qe2 d5 11.O-O-O b5 12.exd5 exd5 13.Qd3 Be6 14.Bg5 Be7 15.h4 b4
16.Na4 Rfc8 17.Qd2 Ne5 18.Bf4 Bd6 19.Bxe5 Bxe5 20.Kb1 Bf4 21.Qf2 Nd7 22.Nd4 Qa5
23.b3 Nc5 24.Nb2 Qc7 25.Bd3 a5 26.Nb5 Qb8 27.Qe2 a4 28.g3 Be5 29.f4 Bf6 30.Nxa4 Nxa4
31.bxa4 Rxa4 32.Kc1 Rxa2 33.Kd2 Bd7 34.Rc1 Re8 35.Qh5 g6 36.Qxd5 Bc3+ 37.Nxc3 bxc3+
38.Kxc3 Qb2+  0-1

[Event "WYCC Boys U16"]
[Site "Vung Tau City VIE"]
[Date "2008.10.29"]
[Round "10"]
[White "Lee,K"]
[Black "Skoda,M"]
[Result "0-1"]
[WhiteElo "1952"]
[BlackElo "2001"]

1.e4 c5 2.Nf3 e6 3.d4 cxd4 4.Nxd4 a6 5.Nc3 Qc7 6.Bd3 Nf6 7.O-O Be7 8.Kh1 d6
9.f4 b5 10.a3 Bb7 11.Qe2 Nbd7 12.Nb3 O-O 13.Be3 Rfd8 14.Rae1 Nc5 15.Nxc5 dxc5
16.Qf2 Ng4 17.Qf3 Nxe3 18.Qxe3 c4 19.Be2 Bc5 20.Qg3 Rd2 21.Rc1 Rad8 22.Qe1 Be3
23.Bxc4 Bxf4 24.Bb3 Bxh2 25.Nd5 Bxd5 26.Qxd2 Bxb3 27.Qg5 Bc4 28.Rcd1 Bd6
29.Rf2 Be7 30.Rxd8+ Qxd8 31.Qh5 e5 32.Qxe5 Qd1+  0-1

[Event "Vasylyshyn Mem"]
[Site "Lviv UKR"]
[Date "2008.10.30"]
[Round "14"]
[White "Leniart,A"]
[Black "Papin,V"]
[Result "1/2-1/2"]
[WhiteElo "2368"]
[BlackElo "2455"]

1.e4 c5 2.Nf3 e6 3.d4 cxd4 4.Nxd4 a6 5.Nc3 b5 6.a3 Bb7 7.g3 Nf6 8.Bg2 d6
9.O-O Qc7 10.Bg5 Nbd7 11.Re1 Be7 12.a4 bxa4 13.Nd5 Nxd5 14.exd5 Bxg5 15.dxe6 Ne5
16.Bxb7 Qxb7 17.f4 O-O 18.fxe5 dxe5 19.Nf3 Be7 20.Qd7 Qxd7 21.exd7 f6 22.Rxa4 Rfd8
23.Rd1 Kf7 24.Kf1 Ke6 25.Rda1 Rxd7 26.Rxa6+ Rxa6 27.Rxa6+ Rd6 28.Rxd6+ Kxd6
29.Nd2 Kd5 30.Ke2 f5 31.c3 g5 32.b4 g4 33.c4+ Kd4 34.c5 Kc3 35.c6 Bd8 36.b5 Bb6
37.Nf1 f4 38.gxf4 exf4 39.h3 f3+ 40.Ke1 Kd3 41.Nh2 f2+ 42.Kf1 g3 43.Ng4 Ke4
44.Kg2 f1=Q+ 45.Kxf1 h5 46.Kg2 hxg4  1/2-1/2

[Event "Open A"]
[Site "Le Touquet FRA"]
[Date "2008.10.31"]
[Round "8"]
[White "Neelotpal,D"]
[Black "Maes,W"]
[Result "1-0"]
[WhiteElo "2477"]
[BlackElo "2294"]

1.e4 c5 2.Nc3 e6 3.Nf3 a6 4.d4 cxd4 5.Nxd4 Nc6 6.Nxc6 bxc6 7.Bd3 d5 8.O-O Nf6
9.Re1 Be7 10.e5 Nd7 11.Qg4 g6 12.Na4 Qc7 13.b3 Rb8 14.Bb2 O-O 15.c4 Nc5 16.Nxc5 Bxc5
17.h4 Qa7 18.Qg3 a5 19.Bc1 dxc4 20.Bxc4 Ba6 21.Bxa6 Qxa6 22.Bg5 Rfc8 23.h5 Qa7
24.Bf6 Bf8 25.Rad1 a4 26.Qh3 Re8 27.Rd3 Rb4 28.Red1 axb3 29.hxg6 fxg6 30.Rd7  1-0

[Event "ch-BRA s/f"]
[Site "Dois Irmaos BRA"]
[Date "2008.11.01"]
[Round "5"]
[White "Fier,A"]
[Black "Di Berardino,D"]
[Result "1/2-1/2"]
[WhiteElo "2581"]
[BlackElo "2502"]

1.e4 c5 2.Nf3 e6 3.d4 cxd4 4.Nxd4 a6 5.Nc3 b5 6.Bd3 Bb7 7.O-O Nc6 8.Nxc6 Bxc6
9.Re1 Bc5 10.Be3 Bxe3 11.Rxe3 Ne7 12.e5 Ng6 13.Ne4 Bxe4 14.Bxe4 Rb8 15.Qh5 Qh4
16.Qxh4 Nxh4 17.g3 Ng6 18.f4 f6 19.Rd1 fxe5 20.f5 Nf8 21.fxe6 Nxe6 22.Bf5 Ke7
23.Rxe5 g6 24.Be4 Rhc8 25.Red5 Rc7 26.R1d2 b4 27.Re2 Rb6 28.h4 Rd6 29.Rxd6 Kxd6
30.h5 Rc5 31.hxg6 hxg6 32.Bxg6 Rg5 33.Bd3 Rxg3+ 34.Kf2 Rh3 35.Bxa6 Nd4 36.Rd2 Kc5
37.Bf1 Rh8 38.Bg2 Rh6 39.Ke3 Rd6 40.Be4 Nb5 41.Rh2 Rd1 42.Rh5+ d5 43.Bf3 Rd4
44.Ke2 Nc7 45.Rh8 Rc4 46.Kd2 Rd4+ 47.Ke3 Rc4 48.Rc8 Kd6 49.Kd3 Rf4 50.Be2 Rh4
51.Rb8 Ne6 52.Kd2 Nc5 53.Rb5 Na4 54.Kc1 Rh1+ 55.Bd1 Nxb2 56.Kxb2 Rxd1 57.Rxb4 Kc5
58.Rb8 Rh1 59.a4 Rh4 60.Ka3 Rh3+ 61.Rb3 Rh1 62.Rc3+ Kb6 63.Kb4 Rh4+ 64.Kb3 Rg4
65.Rd3 Kc5 66.Rh3 Rb4+ 67.Ka3 Rg4 68.Rb3 Rg1 69.Rb5+ Kc4 70.Kb2 d4 71.Rb8 Rg2
72.Rd8 Rh2 73.a5 Kb5 74.Rd5+ Kc4 75.Rd6 Kc5 76.Rd8 Kb5 77.Rxd4 Kxa5 78.Kb3 Kb5
79.Rd5+ Kc6 80.Rg5 Rh4 81.Kc3 Rf4 82.Kd3 Rh4 83.Ke3  1/2-1/2

[Event "ch-BRA s/f"]
[Site "Dois Irmaos BRA"]
[Date "2008.11.01"]
[Round "6"]
[White "Rocha,Ce"]
[Black "Pereira,Am"]
[Result "1-0"]
[WhiteElo "2157"]
[BlackElo "1878"]

1.e4 c5 2.Nf3 e6 3.d4 cxd4 4.Nxd4 a6 5.Nc3 Qc7 6.Bd3 Nc6 7.Nb3 Nf6 8.O-O d6
9.f4 b5 10.a3 Be7 11.Qf3 Bb7 12.Bd2 O-O 13.Rae1 Nd7 14.Qh3 h6 15.f5 exf5
16.Bxh6 gxh6 17.Qxh6 Nce5 18.Rxf5 Qb6+ 19.Kh1 Ng4 20.Rg5+ Bxg5 21.Qxg5+ Kh8
22.Qh4+ Kg8 23.Qxg4+ Kh8 24.Qh5+ Kg7 25.Qg5+ Kh8 26.Re3 Qxe3 27.Qxe3 Ne5
28.Nd4 Bc8 29.Qh6+ Kg8 30.Nd5 f6 31.Ne7+ Kf7 32.Qh7+ Ke8 33.Nxc8 Rxc8 34.Nf3 Nf7  1-0

[Event "ch-BRA s/f"]
[Site "Dois Irmaos BRA"]
[Date "2008.11.01"]
[Round "6"]
[White "Di Berardino,D"]
[Black "Disconzi da Silva,R"]
[Result "1/2-1/2"]
[WhiteElo "2502"]
[BlackElo "2352"]

1.e4 c5 2.Nf3 e6 3.d4 cxd4 4.Nxd4 a6 5.Nc3 Nc6 6.Be2 d6 7.O-O Nf6 8.Be3 Be7
9.f4 Bd7 10.Qe1 Qc7 11.Kh1 h5 12.Bf3 Ng4 13.Nxc6 Bxc6 14.Bg1 g5 15.Bxg4 hxg4
16.a4 Qa5 17.Bd4 Rh7 18.f5 Qb4 19.Rd1 e5 20.Bg1 f6 21.Rd3 Kf7 22.b3 Rd8 23.Nd5  1/2-1/2

[Event "IX Rapid Open"]
[Site "El Sauzal ESP"]
[Date "2008.11.01"]
[Round "1"]
[White "Rivas Crespo,Alej"]
[Black "Agrest,E"]
[Result "0-1"]
[WhiteElo "1653"]
[BlackElo "2574"]

1.e4 c5 2.Nf3 e6 3.d4 cxd4 4.Nxd4 a6 5.Nc3 d6 6.Be3 Nd7 7.Be2 Ngf6 8.O-O b5
9.a3 Bb7 10.f3 Rc8 11.Qd2 Be7 12.a4 b4 13.Na2 d5 14.exd5 Nxd5 15.c4 Nxe3
16.Qxe3 Bc5 17.f4 O-O 18.Nc1 Ba7 19.Ncb3 Nc5 20.Nxc5 Bxc5 21.Rad1 Qb6 22.a5 Qxa5
23.Kh1 Qb6 24.Qe5 Be7 25.Nb3 Bf6  0-1

[Event "IX Rapid Open"]
[Site "El Sauzal ESP"]
[Date "2008.11.01"]
[Round "3"]
[White "Gutierrez Olivares,D"]
[Black "Paunovic,D"]
[Result "0-1"]
[WhiteElo "2135"]
[BlackElo "2532"]

1.e4 c5 2.Nf3 a6 3.Nc3 e6 4.d4 cxd4 5.Nxd4 Qc7 6.Be3 Nf6 7.a3 b5 8.Bd3 Bb7
9.O-O Nc6 10.Nxc6 Qxc6 11.Qe2 b4 12.axb4 Bxb4 13.Ra4 a5 14.Bg5 O-O 15.Bb5 Qc5
16.e5 Bxc3 17.bxc3 Ne4 18.Bd3 Nxg5 19.Qh5 h6 20.h4 Qxe5 21.hxg5 Qxg5 22.Qxg5 hxg5
23.Rfa1 f5 24.Rxa5 Rxa5 25.Rxa5 Ra8 26.Rb5 Bc6 27.Rb6 g4 28.Ba6 Kf7  0-1

[Event "TCh-NED 2008-9"]
[Site "Netherlands NED"]
[Date "2008.11.01"]
[Round "2"]
[White "Middelburg,T"]
[Black "Stellwagen,D"]
[Result "1/2-1/2"]
[WhiteElo "2388"]
[BlackElo "2616"]

1.e4 c5 2.Nf3 e6 3.d4 cxd4 4.Nxd4 a6 5.Nc3 d6 6.g3 Bd7 7.Bg2 Nc6 8.O-O Nf6
9.Nb3 Be7 10.g4 h6 11.a4 g5 12.h3 Ne5 13.a5 Bc6 14.Nd4 h5 15.f3 Nfd7 16.gxh5 Rg8
17.Kh1 Nf6 18.Nxc6 Nxc6 19.f4 gxf4 20.Bxf4 Qc7 21.Qe2 Nd7 22.Qf2 Nce5 23.Rfd1 Rh8
24.h6 Ng6 25.Be3 Bh4 26.Qg1 Bf6 27.Na4 Be5 28.Qf2 Qd8 29.c3 Qh4 30.Qxh4 Nxh4
31.Bf1 Ke7 32.Be2 f5 33.Bg5+ Bf6 34.Bxh4 Bxh4 35.exf5 exf5 36.Nb6 Nxb6 37.axb6 Bf2
38.Rf1 Bxb6 39.Rxf5 Rxh6 40.Bg4 Rg8 41.Re1+ Kd8 42.Kg2 Re8 43.Rxe8+ Kxe8
44.Bh5+ Kd8 45.Rf8+ Kc7 46.Rf7+ Kc6 47.Bf3+ d5 48.Rf5 Rd6 49.Rxd5 Rxd5 50.c4 Bd4
51.Bxd5+ Kc5  1/2-1/2

[Event "21st Belgrade Trophy"]
[Site "Obrenovac SRB"]
[Date "2008.11.02"]
[Round "6"]
[White "Todorovic,GM"]
[Black "Panic,Ne"]
[Result "0-1"]
[WhiteElo "2478"]
[BlackElo "2360"]

1.e4 c5 2.Nf3 e6 3.d4 cxd4 4.Nxd4 a6 5.Nc3 Qc7 6.Be2 Nf6 7.O-O Nc6 8.Be3 d6
9.f4 Be7 10.Kh1 O-O 11.Qe1 Nxd4 12.Bxd4 b5 13.a3 Bb7 14.Qg3 Rad8 15.Rae1 Rd7
16.Bd3 Nh5 17.Qh3 g6 18.f5 e5 19.Be3 Kg7 20.Qf3 Nf6 21.Qh3 h5 22.Bg5 Qd8
23.Qg3 Rh8 24.Re2 h4 25.Qf3 Nh5 26.Bxe7 Qxe7 27.Qg4 Rdd8 28.fxg6 fxg6 29.Nd5 Bxd5
30.exd5 Ng3+ 31.hxg3 hxg3+ 32.Kg1 Qa7+ 33.Ref2 gxf2+ 34.Rxf2 Rh6  0-1

[Event "21st Belgrade Trophy"]
[Site "Obrenovac SRB"]
[Date "2008.11.02"]
[Round "6"]
[White "Bergsson,Sn"]
[Black "Cabrilo,G"]
[Result "0-1"]
[WhiteElo "2340"]
[BlackElo "2500"]

1.e4 c5 2.Nf3 e6 3.d4 cxd4 4.Nxd4 a6 5.Nc3 Qc7 6.Bd3 Nf6 7.O-O Bc5 8.Nb3 Ba7
9.Qe2 Nc6 10.Bg5 Qe5 11.Qd2 Ng4 12.Bf4 Qf6 13.e5 Qe7 14.Rae1 Bb8 15.Bg5 f6
16.exf6 Nxf6 17.Bf4  0-1

[Event "21st Belgrade Trophy"]
[Site "Obrenovac SRB"]
[Date "2008.11.04"]
[Round "8"]
[White "Ugrenovic,B"]
[Black "Jovicic,R"]
[Result "0-1"]
[WhiteElo "2100"]
[BlackElo "2220"]

1.e4 c5 2.Nf3 e6 3.Nc3 a6 4.d4 cxd4 5.Nxd4 Qc7 6.Be2 b5 7.O-O Bb7 8.a3 Nf6
9.Bf3 d6 10.Re1 Nbd7 11.g3 Be7 12.Bg2 O-O 13.f4 Rfd8 14.h3 g6 15.Kh2 Rac8
16.Qe2 e5 17.Nb3 exf4 18.Bxf4 Nh5 19.Qf2 Nxf4 20.Qxf4 Bf6 21.Rf1 Rf8 22.Rad1 Be5
23.Qe3 Nb6 24.Na5 Ba8 25.Rd3 Na4 26.Nxa4 bxa4 27.b4 Qxc2 28.h4 Qb2 29.Rf2 Rc2
30.Rdd2 Rc3 31.Rxb2  0-1

[Event "Russia Cup Final"]
[Site "Serpuhov RUS"]
[Date "2008.11.05"]
[Round "1.1"]
[White "Nepomniachtchi,I"]
[Black "Romanov,E"]
[Result "1-0"]
[WhiteElo "2616"]
[BlackElo "2565"]

1.e4 c5 2.Nf3 e6 3.d4 cxd4 4.Nxd4 a6 5.Nc3 Qc7 6.Bd3 Nf6 7.O-O b5 8.Qe2 Bb7
9.e5 b4 10.exf6 bxc3 11.fxg7 Bxg7 12.bxc3 Nc6 13.Nf5 Bxc3 14.Rb1 Nd4 15.Nxd4 Bxd4
16.Be4 Rb8 17.Ba3 Bc8 18.Qh5 Rxb1 19.Rxb1 Qe5 20.Qh4 f6 21.Rd1 Kd8 22.Bf3 Ba7
23.Bd6 Qf5 24.Qc4 Qa5 25.Rb1 Bxf2+ 26.Kf1 Ba7 27.g4 Rg8 28.Bb7 Bxb7 29.Rxb7  1-0

[Event "38th Olympiad"]
[Site "Dresden GER"]
[Date "2008.11.14"]
[Round "2"]
[White "Velasco,S"]
[Black "Bachmann,Ax"]
[Result "1-0"]
[WhiteElo "2287"]
[BlackElo "2555"]

1.e4 c5 2.Nf3 e6 3.d4 cxd4 4.Nxd4 a6 5.Nc3 Qc7 6.Be3 Nf6 7.Bd3 b5 8.a3 Bb7
9.O-O Nc6 10.Nxc6 Bxc6 11.f4 d6 12.Qe1 Be7 13.Qg3 h5 14.Rae1 h4 15.Qh3 Nd7
16.Bd4 Bf6 17.Bxf6 gxf6 18.Nd5 Qa7+ 19.Kh1 Rc8 20.c3 Bb7 21.Ne3 Ke7 22.Bc2 Rcg8
23.Re2 Qa8 24.Ng4 Nc5 25.Rfe1 Bxe4 26.Bxe4 Nxe4 27.Nxf6 Rg3 28.hxg3 Nxg3+
29.Kh2 Nxe2 30.Qg4 Nxf4 31.Qxf4 Qd8 32.Qg5 Qb8 33.Nd5+ Kd7 34.Qe7+ Kc6 35.Nb4+ Kb6
36.Qxf7 a5 37.Qf2+ Kb7 38.Nc2 e5 39.a4 bxa4 40.Re4 Qg8 41.Qf3 Qg3+ 42.Qxg3 hxg3+
43.Kxg3 Kc6 44.Rxa4 Rb8 45.b4 axb4 46.Rxb4 Ra8 47.Kf3 d5 48.Ke3 Rg8 49.g4 Rh8
50.Kd3 Kc5 51.Rb7 Rh3+ 52.Kd2 Rh2+ 53.Kc1 Kc4 54.Rc7+ Kd3 55.Nb4+ Ke4 56.Re7 Rg2
57.Rd7 d4 58.c4 Rg3 59.Kb2 Rxg4 60.c5 Rg2+ 61.Kb3 Rg3+ 62.Ka4 Rc3 63.Kb5 Rc1
64.c6 Ke3 65.c7 e4 66.Nc6  1-0